000 00725pam a2200229 a 4500
008
020 _a0887510574 (pbk.)
049 _aMAIN
090 _aT11
_bOLI
100 1 _aOliver, Miranda M. H.
245 1 0 _aGetting technical :
_ban introduction to technical writing /
_cMiranda M.H. Oliver.
260 _aMarkham, Ont. :
_bPippin Publishing,
_cc1994.
300 _aix, 206 p. :
_bill. ;
_c23 cm.
504 _aIncludes bibliographical references.
650 0 _aTechnical writing.
650 0 _aTechnical writing
_xProblems, exercises, etc.
907 _a.b10215049
_b21-09-12
_c21-09-06
003
005 20230123134248.0
040 _cNUST
942 _cBOOKS
_kT11
_mOLI
999 _c162843
_d162843